La revelación de secretos e informaciones por funcionario público

Guardat en:
Dades bibliogràfiques
Autor principal: Rebollo Vargas, Rafael (Autor)
Format: Llibre
Idioma:espanyol
Publicat: Barcelona Cedecs 1996
Matèries:
Etiquetes: Afegir etiqueta
Sense etiquetes, Sigues el primer a etiquetar aquest registre!

MARC

LEADER 00000nam a2200000 a 4500
001 UCN8767
003 CL-VaPUC
008 011116e19960000SP |||||||||||||||||spa|d
082 0 4 |a 342.068  |b REB  |2 21 
100 0 |a Rebollo Vargas, Rafael  |e author  |9 465233 
245 1 3 |a La revelación de secretos e informaciones por funcionario público 
300 |a 295 p 
942 |c BK 
945 |d 20011116 00:00:00  |a crobeson 
260 |a Barcelona  |b Cedecs  |c 1996 
650 0 |a Funcionarios públicos  |9 405107 
650 0 |a Derecho administrativo  |9 254851 
650 0 |a Administración pública   |9 255343 
583 |a last modification  |c 20011116 00:00:00  |k Rodrigo Vera 
999 |c 298519  |d 298517 
952 |0 0  |1 0  |4 0  |6 342_068000000000000_REB_1996  |7 0  |8 A  |9 354139  |a BIBDER  |b BIBDER  |d 2019-11-21  |i 3760448  |o 342.068 REB 1996  |p 3760448  |r 2023-01-25  |w 2019-11-21  |y BK  |k DER